Statistiques concernant Quelle est (était) la taille de ces personnalités 9

Cliquez ici pour prendre le quiz!

Statistiques générales

  • Ce quiz a été pris 13 fois
  • Le résultat moyen est 2 sur 20

Statistiques - réponses

HintRéponse% Correct
Jean Carmet1,68 m
25%
Daphné Burki1,80 m
25%
Jamel Debbouze1,65 m
17%
Jean-Paul Belmonde1,76 m
17%
Harry Roselmack1,86 m
17%
Isabelle Nanty1,50 m
8%
Michael Grégorio1,62 m
8%
Charles Aznavour1,64 m
8%
Luis Mariano1,74 m
8%
Charlotte de Turckheim1,76 m
8%
Valérie Bonneton1,76 m
8%
Sonia Rolland1,78 m
8%
Samuel Le Bihan1,83 m
8%
William Leymergie1,84 m
8%
Michael Lonsdale1,88 m
8%
Alfred Hitchcock1,70 m
0%
Denis Podalydès1,70 m
0%
Yves Montand1,83 m
0%
Oliver Stone1,83 m
0%
Christophe Willem1,85 m
0%

Distribution des résultats

Percentile par nombre de réponses

% des personnes avec chaque résultat

Votre développement - résultats

Vous n’avez pas pris ce quiz